000 00656nam a2200253Ia 4500
003 OSt
005 20221005022519.0
006 a|||||r|||| 00| 0
007 ta
008 221004b |||||||| |||| 00| 0 eng d
024 _a25301
037 _cTextual
040 _aCRL
_cCRL
_beng
041 _2eng
_aeng
082 _aR635x1,1,1,1, 111F4
100 _aPatanjali
245 0 _aYoga sutras. Tr by Rama Prasada
250 _aEd 3
260 _aAllahabad
_bSudhindranath Vasu
_c1924
300 _a320p.
_ccm.
650 _aPHILOSOPHY
942 _hR635x1,1,1,1, 111F4
_cTEXL
_2cc
999 _c929527
_d929527